Fun with messy play : ideas and activities for children with special needs (Record no. 190014)

MARC details
000 -LEADER
fixed length control field 00792nam a2200253Ia 4500
008 - FIXED-LENGTH DATA ELEMENTS--GENERAL INFORMATION
fixed length control field 191130s2009##################000#0#eng##
020 ## - INTERNATIONAL STANDARD BOOK NUMBER
ISBN 9781843106418
082 ## - DEWEY DECIMAL CLASSIFICATION NUMBER
Classification number 790.196 BEC
100 ## - MAIN ENTRY--AUTHOR NAME
Personal name Beckerleg, Tracey
245 ## - TITLE STATEMENT
Title Fun with messy play : ideas and activities for children with special needs
Statement of responsibility, etc Tracey Beckerleg
260 ## - PUBLICATION, DISTRIBUTION, ETC. (IMPRINT)
Place of publication London
Name of publisher Jessica Kingsley Publishers
Year of publication 2009
300 ## - PHYSICAL DESCRIPTION
Number of Pages 160 p. : ill. ; 25 cm
500 ## - GENERAL NOTE
General note Includes index
650 ## - SUBJECT ADDED ENTRY--TOPICAL TERM
Topical Term Children with disabilities - Recreation
Topical Term Creative activities and seat work
Topical Term Motor learning
Topical Term Play therapy
Topical Term Sensorimotor integration
991 ## -
-- 374412
Holdings
Withdrawn status Lost status Damaged status Not for loan Home library Current library Shelving location Date acquired Full call number Accession Number Price effective from Koha item type
        Anna Centenary Library Anna Centenary Library 6TH FLOOR, B WING 13.10.2020 790.196 BEC 335596 13.10.2020 English Books

Find us on the map